<?xml version="1.0" encoding="UTF-8"?>
<marc:record xmlns:marc="http://www.loc.gov/MARC21/slim">
   <marc:leader>00000nam a2200000 a 4500</marc:leader>
   <marc:datafield ind1=" " ind2=" " tag="653">
      <marc:subfield code="a">Zeitsparen</marc:subfield>
   </marc:datafield>
   <marc:datafield ind1=" " ind2=" " tag="653">
      <marc:subfield code="a">Frühstück</marc:subfield>
   </marc:datafield>
   <marc:datafield ind1=" " ind2=" " tag="653">
      <marc:subfield code="a">Vegetarisch</marc:subfield>
   </marc:datafield>
   <marc:datafield ind1=" " ind2=" " tag="653">
      <marc:subfield code="a">Kochen</marc:subfield>
   </marc:datafield>
   <marc:datafield ind1=" " ind2=" " tag="653">
      <marc:subfield code="a">Vegan</marc:subfield>
   </marc:datafield>
   <marc:datafield ind1=" " ind2=" " tag="653">
      <marc:subfield code="a">Rezept</marc:subfield>
   </marc:datafield>
   <marc:datafield ind1="0" ind2="0" tag="245">
      <marc:subfield code="a">Unsere 150 liebsten Express-Rezepte</marc:subfield>
   </marc:datafield>
   <marc:datafield ind1="0" ind2="0" tag="245">
      <marc:subfield code="b">schnell, einfach und genial!</marc:subfield>
   </marc:datafield>
   <marc:datafield ind1=" " ind2="1" tag="264">
      <marc:subfield code="a">München</marc:subfield>
      <marc:subfield code="b">GRÄFE UND UNZER</marc:subfield>
      <marc:subfield code="c">2023</marc:subfield>
   </marc:datafield>
   <marc:datafield ind1=" " ind2=" " tag="250">
      <marc:subfield code="a">1. Aufl.</marc:subfield>
   </marc:datafield>
   <marc:datafield ind1="1" ind2=" " tag="520">
      <marc:subfield code="a">Jeden Tag ein kleines Highlight ist zum Beispiel: endlich mehr Zeit zum Entspannen haben! Die Silver Edition &#x84;Unsere 150 liebsten Expressrezepte&#x93; ist die Time-Sharing-Lösung für alle, die gerne frisch und gesund kochen, aber keinen Halbtagsjob am Herd brauchen. Vom Frühstück über Snacks, Salate und Suppen, von Hauptgerichten mit Fisch, Fleisch, vegetarisch oder vegan bis zu süßen Seelenschmeichlern bilden die Rezepte mit den passenden Tipps und Tricks das perfekte Team für zielführende Lösungen: abwechslungsreiche, ausgewogene Lieblingsgerichte in kürzester Zeit, Einsparen von Zeitressourcen mit maximalem Genussgewinn für Alltag, Feste und Feierabend &#x96; ein Best-of mit 150-prozentiger Bestzeit-Note!</marc:subfield>
   </marc:datafield>
   <marc:datafield ind1=" " ind2=" " tag="020">
      <marc:subfield code="a">9783833887307</marc:subfield>
      <marc:subfield code="9">9783833887307</marc:subfield>
   </marc:datafield>
   <marc:datafield ind1=" " ind2=" " tag="020">
      <marc:subfield code="a">3833887303</marc:subfield>
      <marc:subfield code="9">3833887303</marc:subfield>
   </marc:datafield>
   <marc:datafield ind1=" " ind2=" " tag="300">
      <marc:subfield code="a">224 S. : Ill.</marc:subfield>
   </marc:datafield>
</marc:record>
